00617nam a2200169Ia 4500008004100000020001800041041000800059082001800067100003700085245009100122250000700213260003900220300001800259650003500277999001900312952011600331210716s2009 xx 000 0 und d a9788131714317 aeng a658.4038 LAUK aLaudon, Kenneth C;Laudon Jane P. aManagement information systems: managing the digital firm.bManaging the digital firm. a10 aNew DelhibPearson Educationc2009 axxxiv,645,I17 aManagement Information Systems c206046d206046 00102ddc40738MBAaAIMITbAIMITd2011-01-01l0o658.4038 LAUKpMBA08612r2025-07-21 00:00:00w2021-07-16yBK